000
00262nam a2200109Ia 4500
008
190216s9999||||xx |||||||||||||| ||und||
100
_a
Malayalathile Sahithyakaranmar
245
0
_a
Raveendropaharam
260
_b
Current Books
650
_a
Lekhanam
942
_c
BK
999
_c
30371
_d
30371